Score 0/10 Timer 01:00
0 Plays Today
% Correct
Eins
91.5%
Drei
85.8%
Neun
85.8%
Sechs
84.1%
Sieben
84.1%
Acht
83.1%
Fünf
82.7%
Zehn
82.1%
Zwei
78.1%
Vier
75.2%

Today's Daily Dose

Remove Ads.
Support Sporcle.
Get the best of Sporcle when you Go Orange. This ad-free experience offers more features, more stats, and more fun while also helping to support Sporcle. Thank you for becoming a member.

You're not logged in!

Compare scores with friends on all Sporcle quizzes.
OR
Log In

Show Comments

Extras

Top Quizzes Today


Score Distribution

Your Account Isn't Verified!

In order to create a playlist on Sporcle, you need to verify the email address you used during registration. Go to your Sporcle Settings to finish the process.

Report this User

Report this user for behavior that violates our Community Guidelines.

Details: